| 000 | 00997nam a22002057a 4500 | ||
|---|---|---|---|
| 999 |
_c3174 _d3174 |
||
| 003 | AR-CdUCM | ||
| 008 | 190306b ||||| |||| 00| 0 spa d | ||
| 040 |
_aMUNICIPALIDAD PROVINCIAL DEL CUSCO _cBIBLIOTECA MUNICIPAL DEL CUSCO |
||
| 082 |
_a340.2 / _bO38 |
||
| 100 |
_aOjeda Guillén, Luis Fernando _910677 |
||
| 245 | _aManual de Obligaciones / | ||
| 260 |
_aPerú : _bECB ediciones , _c2012. |
||
| 300 |
_a346 páginas ; _c24.5 cm. |
||
| 505 | _aContenido : Teoria general de las Obligaciones -- Concepto y Elementos de la opligacion -- Las Obligaciones de Dar -- Obligacion de Hacer -- Obligaciones de no hacer -- Obligaciones de objeto multiple -- obligaciones con pluralidad de agentes -- Obligaciones mancomunadas -- El reconocimiento de las oligaciones -- Transmisibilidad de las obligaciones -- Efectos de las obligaciones... | ||
| 650 |
_aDerecho Civil _95265 |
||
| 650 |
_aDerecho Laboral _95297 |
||
| 650 |
_aDerecho de las Obligaciones _910678 |
||
| 942 |
_2ddc _cLIBROS |
||
| 945 | _artm | ||